LEADER 01525nam a2200277 4500 001 000000366849 003 CaOOAMICUS 005 20260319121403.0 008 260316s2024 it 000 u ita r 020 $a978-88-266-0951-5 040 $aSeMil$bita 110 1 $aChiesa cattolica : Dicastero per la promozione dell'unitą dei cristiani.$0(OLS)http://semarc/name/123953 245 13$aIl vescovo di Roma :$bprimato e sinodaltą nei dialoghi ecumenici e nelle risposte all'Enciclica Ut unum sint : un documento di studio 2024 /$cDicastero per la Promozione dell'Unitą dei Cristiani. 264 1$aCittą del Vaticano :$bLibreria Editrice Vaticana,$c2024. 300 $a169 p. ;$c21 cm 490 1 $aUt unum sint ;$v7 650 4$aEcumenismo.$0(OLS)http://semarc/subject/3071 650 4$aGiovanni Paolo II - Encicliche . Ut unum sint.$0(OLS)http://semarc/subject/29104 830 0$aUt unum sint ;$v7.$0(OLS)http://semarc/title/6161 850 $aSeMil 852 $aSeMil$W1$xVenegono$y1$m2J III 58$j268710$B257614$CSeMilBibl$Z2$F257614 $81 961 $aPace mons. Flavio - Omaggio 996 $6020$a978-88-266-0951-5$9(OLS)http://semarc/number/305507 996 $6245$aIl vescovo di Roma :$bprimato e sinodaltą nei dialoghi ecumenici e nelle risposte all'Enciclica Ut unum sint : un documento di studio 2024$9(OLS)http://semarc/title/458646 996 $6264$aCittą del Vaticano :$bLibreria Editrice Vaticana$9(OLS)http://semarc/publisher/29734